[Event "Copenhagen Chess Challenge 2019"]
[Site "Ballerup"]
[Date "2019.05.16"]
[Round "2"]
[White "Werner, Jakob"]
[Black "Hvalsoe, Rune"]
[Result "0-1"]
[WhiteElo "1686"]
[BlackElo "2004"]
[PlyCount "84"]
[EventDate "2019.05.15"]
[EventRounds "9"]

1. d4 Nf6 2. Nf3 e6 3. g3 c5 4. Bg2 cxd4 5. O-O Nc6 6. Nxd4 Be7 7. c4 O-O 8.
Nc3 a6 9. b3 Qc7 10. Bb2 b6 11. Nxc6 dxc6 12. Ne4 Nxe4 13. Bxe4 f5 14. Bg2 e5
15. Qc2 Be6 16. Rad1 Rac8 17. Rd2 Rcd8 18. Rfd1 Rxd2 19. Rxd2 h5 20. e3 h4 21.
Qd1 b5 22. cxb5 axb5 23. Rc2 e4 24. Bf1 Qb7 25. Qd4 Bf6 26. Qd6 Bd5 27. Bxf6
Rxf6 28. Qf4 hxg3 29. hxg3 Qe7 30. Bh3 Rf8 31. g4 g5 32. Qh2 f4 33. exf4 gxf4
34. Bf1 Qg5 35. Qh5 Qxh5 36. gxh5 Rf5 37. Be2 Rg5+ 38. Kf1 f3 39. Bd1 Rxh5 40.
Ke1 Rh1+ 41. Kd2 e3+ 42. fxe3 f2 0-1

[Event "Copenhagen Chess Challenge 2019"]
[Site "Ballerup"]
[Date "2019.05.16"]
[Round "2"]
[White "Tandrup, Michael"]
[Black "Wahlgreen, Noah Krug"]
[Result "1-0"]
[WhiteElo "1982"]
[BlackElo "1721"]
[PlyCount "65"]
[EventDate "2019.05.15"]
[EventRounds "9"]

1. c4 Nf6 2. g3 e6 3. Bg2 d5 4. Nf3 Bd6 5. O-O O-O 6. b3 c5 7. cxd5 exd5 8. Bb2
Nc6 9. d3 Bf5 10. Nbd2 Qe7 11. Rc1 Rfe8 12. Re1 Rac8 13. Nf1 d4 14. e4 Bg4 15.
h3 Bh5 16. g4 Bg6 17. e5 Bxe5 18. Nxe5 Nxe5 19. f4 Qc7 20. fxe5 Rxe5 21. Bxd4
Rxe1 22. Qxe1 Qd6 23. Bxf6 Qxf6 24. Be4 Qd4+ 25. Qf2 Qe5 26. Bxg6 hxg6 27. d4
Qe6 28. Rxc5 Rd8 29. Re5 Qd6 30. Qe3 Qxd4 31. Qxd4 Rxd4 32. Re8+ Kh7 33. Re7
1-0

[Event "Copenhagen Chess Challenge 2019"]
[Site "Ballerup"]
[Date "2019.05.16"]
[Round "2"]
[White "Kreken, Eivind Grunt"]
[Black "Joensson, Jacob"]
[Result "0-1"]
[WhiteElo "1634"]
[BlackElo "1970"]
[PlyCount "46"]
[EventDate "2019.05.15"]
[EventRounds "9"]

1. e4 e6 2. Nf3 d5 3. Nc3 Nf6 4. e5 Nfd7 5. d4 a6 6. Bd3 c5 7. dxc5 Bxc5 8. O-O
Nc6 9. Bf4 h6 10. Qd2 b5 11. h3 Bb7 12. Rfe1 Nb6 13. a3 Rc8 14. g4 Be7 15. g5
hxg5 16. Nxg5 Nc4 17. Bxc4 dxc4 18. Qxd8+ Rxd8 19. Rad1 Nd4 20. Nce4 Bxe4 21.
Rxe4 Nf3+ 22. Nxf3 Rxd1+ 23. Kg2 Rb1 0-1

[Event "Copenhagen Chess Challenge 2019"]
[Site "Ballerup"]
[Date "2019.05.16"]
[Round "2"]
[White "Tenold, Andreas"]
[Black "Kallenbach, Uffe"]
[Result "0-1"]
[WhiteElo "1969"]
[BlackElo "1644"]
[PlyCount "120"]
[EventDate "2019.05.15"]
[EventRounds "9"]

1. d4 Nf6 2. c4 e6 3. Nc3 d5 4. Bg5 Be7 5. e3 b6 6. cxd5 exd5 7. Bb5+ c6 8. Bd3
Nbd7 9. Nge2 O-O 10. O-O Re8 11. Qc2 Nf8 12. f3 Bb7 13. Rad1 h6 14. Bh4 Rc8 15.
Bf5 Ne6 16. Nf4 Bd6 17. Nxe6 fxe6 18. Bg6 Rf8 19. e4 c5 20. e5 cxd4 21. Bxf6
gxf6 22. exd6 dxc3 23. bxc3 Qxd6 24. Kh1 e5 25. Bf5 Rc7 26. Qa4 Rxc3 27. Qg4+
Kf7 28. Qg6+ Ke7 29. Qg7+ Rf7 30. Qxh6 Kd8 31. f4 d4 32. fxe5 Qd5 33. Rg1 fxe5
34. Bg6 Rf4 35. Qh8+ Kc7 36. Qg7+ Kd6 37. Qh8 Rc8 38. Qh6 Kc7 39. Qh7+ Kb8 40.
Bf5 Rf8 41. Bh3 e4 42. Rc1 R4f7 43. Qg6 Re7 44. Qh6 Rfe8 45. Qf4+ Ka8 46. Rgd1
d3 47. Qe3 Rd8 48. Rd2 Qd4 49. Re1 Rf7 50. Kg1 Qxe3+ 51. Rxe3 Rd6 52. g3 Rc6
53. Kg2 Rc2 54. Rxc2 dxc2 55. Re1 e3+ 56. Kg1 Bf3 57. Bg2 Bxg2 58. Kxg2 Rf2+
59. Kh3 e2 60. Rc1 Rf1 0-1

[Event "Copenhagen Chess Challenge 2019"]
[Site "Ballerup"]
[Date "2019.05.16"]
[Round "2"]
[White "Lye, Sigurd"]
[Black "Bendixen, Daniel"]
[Result "0-1"]
[WhiteElo "1574"]
[BlackElo "1957"]
[PlyCount "138"]
[EventDate "2019.05.15"]
[EventRounds "9"]

1. e4 c5 2. Nf3 Nc6 3. d4 cxd4 4. Nxd4 g6 5. c4 Bg7 6. Be3 Nf6 7. Nc3 Ng4 8.
Qxg4 Nxd4 9. Qd1 Nc6 10. Rc1 O-O 11. Be2 d6 12. O-O Bd7 13. Qd2 Rc8 14. b3 Rb8
15. Kh1 Qa5 16. Bh6 Rbd8 17. Bxg7 Kxg7 18. f4 f5 19. exf5 Bxf5 20. Qb2 e5 21.
fxe5 dxe5 22. Bf3 Qc5 23. Bxc6 bxc6 24. Ne2 Rf6 25. Ng3 Qd4 26. Nxf5+ Rxf5 27.
Qe2 Qd3 28. Qxd3 Rxd3 29. Rfd1 Rd4 30. c5 Rff4 31. g3 Rfe4 32. b4 Kf7 33. b5
cxb5 34. c6 Rxd1+ 35. Rxd1 Rc4 36. Rd7+ Ke6 37. Rxa7 Rxc6 38. Ra5 Rc2 39. a3
Rb2 40. a4 bxa4 41. Rxa4 h5 42. h3 Kf5 43. Kg1 e4 44. Ra5+ Kf6 45. Ra6+ Kg7 46.
Re6 Rb4 47. Kf2 Kf7 48. Ra6 Rb2+ 49. Ke3 Rb3+ 50. Kf2 Rf3+ 51. Kg2 Rf6 52. Ra5
Ke6 53. Rb5 Rf5 54. Rb6+ Kd5 55. Rxg6 e3 56. Rg8 Kc4 57. Rc8+ Kd3 58. Rd8+ Ke2
59. g4 Rf2+ 60. Kg1 hxg4 61. hxg4 Rf4 62. Rg8 Ke1 63. Rg7 e2 64. Rg8 Kd2 65.
Rd8+ Ke3 66. Re8+ Kf3 67. Rg8 e1=Q+ 68. Kh2 Qf2+ 69. Kh1 Qe1+ 0-1

[Event "Copenhagen Chess Challenge 2019"]
[Site "Ballerup"]
[Date "2019.05.16"]
[Round "2"]
[White "Sidali, Elias Hulleberg"]
[Black "Knudsen, Jan"]
[Result "1-0"]
[WhiteElo "1953"]
[BlackElo "1600"]
[PlyCount "95"]
[EventDate "2019.05.15"]
[EventRounds "9"]

1. e4 c5 2. Nf3 d6 3. d4 cxd4 4. Nxd4 Nf6 5. Nc3 g6 6. Be3 Bg7 7. f3 O-O 8. Qd2
Nc6 9. Bc4 a6 10. Bb3 Bd7 11. O-O-O Rc8 12. g4 Ne5 13. h4 h5 14. Bh6 Nc4 15.
Bxc4 Rxc4 16. Bxg7 Kxg7 17. b3 Rc5 18. g5 Ne8 19. f4 Qa5 20. Kb2 b5 21. Nd5
Qxd2 22. Rxd2 e6 23. Nb6 Rc7 24. f5 exf5 25. Nxd7 Rxd7 26. exf5 Nc7 27. Rhd1
Re8 28. f6+ Kf8 29. Re2 Rxe2 30. Nxe2 Ne6 31. Nc3 Ke8 32. Nd5 Nc5 33. Nb6 Rd8
34. Re1+ Ne6 35. Nd5 Rd7 36. Ne7 d5 37. Nxg6 fxg6 38. Rxe6+ Kf7 39. Rxa6 d4 40.
Rb6 Rd5 41. Rb7+ Kf8 42. Rg7 d3 43. cxd3 Rxd3 44. Rxg6 Rd4 45. Rh6 Rxh4 46. g6
Rh2+ 47. Kc3 Rg2 48. Rh8# 1-0

[Event "Copenhagen Chess Challenge 2019"]
[Site "Ballerup"]
[Date "2019.05.16"]
[Round "2"]
[White "Pihl, William"]
[Black "Steenstrup, Svend"]
[Result "0-1"]
[WhiteElo "1496"]
[BlackElo "1936"]
[PlyCount "39"]
[EventDate "2019.05.15"]
[EventRounds "9"]

1. e4 c5 2. Nf3 d6 3. d4 cxd4 4. Nxd4 Nf6 5. Nc3 g6 6. Be2 Bg7 7. h3 Qb6 8. Nb3
Nbd7 9. O-O O-O 10. Be3 Qc6 11. Nd4 Qc7 12. f3 a6 13. Qd2 Ne5 14. Bh6 Bxh6 15.
Qxh6 Qc5 16. Rad1 Nc6 17. Na4 Qa7 18. Qe3 e5 19. Nf5 gxf5 20. Ra1 0-1

[Event "Copenhagen Chess Challenge 2019"]
[Site "Ballerup"]
[Date "2019.05.16"]
[Round "2"]
[White "Nielsen, Thomas"]
[Black "Hentley, Darryl"]
[Result "1-0"]
[WhiteElo "1933"]
[BlackElo "1529"]
[PlyCount "93"]
[EventDate "2019.05.15"]
[EventRounds "9"]

1. d4 Nf6 2. c4 c6 3. Nc3 e6 4. e4 Bb4 5. e5 Bxc3+ 6. bxc3 Ng8 7. Qg4 Kf8 8.
Bd3 Ne7 9. Ne2 Ng6 10. Ba3+ Kg8 11. h4 h5 12. Qg3 f5 13. exf6 Qxf6 14. Bxg6 d5
15. Bd3 b6 16. cxd5 exd5 17. O-O Ba6 18. Bxa6 Nxa6 19. Nf4 Rh6 20. Rae1 Nc7 21.
Re7 Nb5 22. Re6 Qxe6 23. Nxe6 Rxe6 24. Bc1 Rae8 25. Bf4 Kf7 26. Be5 g6 27. a4
Na3 28. Qf4+ Ke7 29. Re1 Kd7 30. Re3 Nc4 31. Rg3 Rxe5 32. dxe5 Nxe5 33. Re3 Kd6
34. Qf6+ Re6 35. Qf8+ Kd7 36. Qb8 Nc4 37. Qxa7+ Kd6 38. Qb8+ Kd7 39. Rxe6 Kxe6
40. Qe8+ Kd6 41. Qxg6+ Kc5 42. Qg7 Na5 43. Qd4+ Kd6 44. Qxb6 Nc4 45. Qb8+ Kd7
46. a5 Nd6 47. a6 1-0

[Event "Copenhagen Chess Challenge 2019"]
[Site "Ballerup"]
[Date "2019.05.16"]
[Round "3"]
[White "Okhotnik, Vladimir"]
[Black "Burmakin, Vladimir"]
[Result "1/2-1/2"]
[WhiteElo "2347"]
[BlackElo "2519"]
[PlyCount "65"]
[EventDate "2019.05.15"]
[EventRounds "9"]

1. e4 d5 2. exd5 Qxd5 3. Nc3 Qd6 4. d4 Nf6 5. Nf3 c6 6. Ne5 Be6 7. Bf4 Qb4 8.
a3 Qa5 9. Bc4 Bxc4 10. Nxc4 Qf5 11. Bxb8 Rxb8 12. Qe2 Rd8 13. Rd1 e6 14. O-O
Be7 15. Rd3 O-O 16. Rfd1 Bd6 17. Nxd6 Rxd6 18. Qe5 Rfd8 19. Qxf5 exf5 20. Ne2
Kf8 21. c4 g6 22. f3 R6d7 23. Kf2 b5 24. Rc1 Ne8 25. cxb5 cxb5 26. Rc5 Nd6 27.
Rdc3 a6 28. b3 b4 29. axb4 Nb5 30. Rd3 Nxd4 31. Ra5 Nc6 32. Rxd7 Rxd7 33. Rxa6
1/2-1/2

[Event "Copenhagen Chess Challenge 2019"]
[Site "Ballerup"]
[Date "2019.05.16"]
[Round "3"]
[White "Chatalbashev, Boris"]
[Black "Strange, Mikkel"]
[Result "1/2-1/2"]
[WhiteElo "2514"]
[BlackElo "2368"]
[PlyCount "108"]
[EventDate "2019.05.15"]
[EventRounds "9"]

1. d4 d5 2. c4 e6 3. Nc3 c5 4. cxd5 exd5 5. Nf3 Nc6 6. g3 Nf6 7. Bg2 Be7 8. O-O
O-O 9. dxc5 Bxc5 10. Na4 Be7 11. Be3 Re8 12. Rc1 Bg4 13. h3 Bxf3 14. Bxf3 Qd7
15. Bg2 b6 16. Bxb6 axb6 17. Nxb6 Qe6 18. Nxd5 Rac8 19. Nf4 Qxa2 20. Bxc6 Red8
21. Qc2 Rb8 22. Nd3 Rdc8 23. Qc4 Qa5 24. Qf4 Qh5 25. Bg2 Qxe2 26. Rxc8+ Rxc8
27. Qf5 Rd8 28. Re1 Qxd3 29. Qxd3 Rxd3 30. Rxe7 Rd1+ 31. Bf1 Kf8 32. Re2 g5 33.
Kg2 Nd7 34. b4 Rb1 35. Rd2 Ke7 36. b5 Ne5 37. Be2 f5 38. f4 gxf4 39. gxf4 Ng6
40. Rd4 Nf8 41. Rd5 Rb2 42. Kf3 Ne6 43. Bd3 Rb4 44. Bxf5 Nxf4 45. Rd7+ Kf6 46.
Bxh7 Nxh3 47. Bd3 Nf4 48. Bf1 Ke5 49. Ke3 Nd5+ 50. Kd2 Kd4 51. Kc1 Kc5 52. Bd3
Nc3 53. Rc7+ Kd4 54. Rd7+ Kc5 1/2-1/2

[Event "Copenhagen Chess Challenge 2019"]
[Site "Ballerup"]
[Date "2019.05.16"]
[Round "3"]
[White "Hoi, Carsten"]
[Black "Haldorsen, Benjamin"]
[Result "0-1"]
[WhiteElo "2341"]
[BlackElo "2437"]
[PlyCount "66"]
[EventDate "2019.05.15"]
[EventRounds "9"]

1. d4 d5 2. Nf3 Nf6 3. c4 e6 4. Nc3 c6 5. e3 Nbd7 6. b3 Bb4 7. Bd2 b6 8. Bd3
Bb7 9. O-O Bd6 10. Qe2 dxc4 11. bxc4 c5 12. d5 exd5 13. Nxd5 O-O 14. Bc3 Re8
15. Rad1 h6 16. Qb2 Bxd5 17. cxd5 Qc7 18. Bb5 Nh5 19. Rfe1 f5 20. h3 Rf8 21.
Bxd7 Qxd7 22. Ne5 Qc7 23. g4 fxg4 24. hxg4 Nf6 25. f3 Rae8 26. Ng6 Rf7 27. e4
Bg3 28. Re2 Qd7 29. e5 Nxd5 30. Red2 Rxf3 31. Qb3 Qxg4 32. Qxd5+ Kh7 33. Rg2
Bf2+ 0-1

[Event "Copenhagen Chess Challenge 2019"]
[Site "Ballerup"]
[Date "2019.05.16"]
[Round "3"]
[White "Moe, Mogens"]
[Black "Kaasen, Tor Fredrik"]
[Result "1-0"]
[WhiteElo "2136"]
[BlackElo "2398"]
[PlyCount "48"]
[EventDate "2019.05.15"]
[EventRounds "9"]

1. e4 c5 2. Nf3 d6 3. d4 cxd4 4. Nxd4 Nf6 5. Nc3 a6 6. Bg5 e6 7. f4 Qc7 8. Qf3
b5 9. a3 Nbd7 10. O-O-O Bb7 11. g4 Rc8 12. Bxf6 Nxf6 13. g5 Nd7 14. h4 Nb6 15.
Bh3 d5 16. Rd3 dxe4 17. Nxe4 Nd5 18. Rf1 g6 19. Rf2 Bd6 20. Nxe6 fxe6 21. Bxe6
Bxf4+ 22. Kb1 Rd8 23. Bxd5 Bxd5 24. Nf6+ Ke7 1-0

[Event "Copenhagen Chess Challenge 2019"]
[Site "Ballerup"]
[Date "2019.05.16"]
[Round "3"]
[White "Ertan, Can"]
[Black "Jacobsen, Mikkel Manosri"]
[Result "1-0"]
[WhiteElo "2391"]
[BlackElo "2319"]
[PlyCount "95"]
[EventDate "2019.05.15"]
[EventRounds "9"]

1. e4 c6 2. d4 d5 3. e5 Bf5 4. Nf3 e6 5. Be2 Ne7 6. O-O Nd7 7. a4 h6 8. a5 a6
9. Nbd2 g5 10. c4 Bg7 11. Ne1 Qc7 12. Nd3 Ng6 13. cxd5 exd5 14. Nb3 O-O-O 15.
Nb4 f6 16. Be3 fxe5 17. Rc1 Ne7 18. Qd2 Rdf8 19. Rc3 exd4 20. Nxd4 Qd6 21. Rfc1
Kd8 22. Nbxc6+ bxc6 23. Nxc6+ Ke8 24. Nxe7 Kxe7 25. Rc6 Qe5 26. Bf3 Rb8 27. Re1
Be4 28. b4 Rhc8 29. Rxa6 Qc3 30. Bxe4 Qxd2 31. Bxd2 dxe4 32. Rxe4+ Kf8 33. h4
Rc2 34. Rd6 Nf6 35. Ree6 gxh4 36. Bxh6 Ne8 37. Rd7 Rxb4 38. Bxg7+ Nxg7 39. Rf6+
Kg8 40. Rg6 Rb1+ 41. Kh2 Rcc1 42. Rgxg7+ Kf8 43. Rdf7+ Ke8 44. Kh3 Rh1+ 45. Kg4
Ra1 46. Ra7 Kf8 47. Rgf7+ Ke8 48. Rh7 1-0

[Event "Copenhagen Chess Challenge 2019"]
[Site "Ballerup"]
[Date "2019.05.16"]
[Round "3"]
[White "Haubro, Martin"]
[Black "French, Max"]
[Result "1-0"]
[WhiteElo "2380"]
[BlackElo "2178"]
[PlyCount "129"]
[EventDate "2019.05.15"]
[EventRounds "9"]

1. e4 c6 2. d4 d5 3. e5 c5 4. dxc5 e6 5. Nf3 Bxc5 6. a3 Nc6 7. b4 Bb6 8. Bd3
Nge7 9. Bb2 Ng6 10. O-O O-O 11. Re1 f6 12. exf6 gxf6 13. c4 Nf4 14. Bf1 e5 15.
cxd5 Qxd5 16. Nc3 Qf7 17. Ne4 Rd8 18. Qc2 Be6 19. Nc5 Bxc5 20. Qxc5 Nd3 21.
Bxd3 Rxd3 22. Rad1 Rad8 23. Rxd3 Rxd3 24. Qc2 Qd7 25. Bc1 Bb3 26. Qc5 b6 27.
Qb5 Bd1 28. Nh4 Rd4 29. Nf5 Qxf5 30. Qxc6 Kf7 31. Be3 Qd7 32. Qa8 Rd5 33. h3
Bc2 34. Kh2 Rd1 35. Re2 Bd3 36. Rb2 Kg7 37. Rb3 Qc7 38. Qf3 e4+ 39. Qg3+ Qxg3+
40. Kxg3 Bf1 41. Rc3 Rd7 42. Rc8 Kf7 43. a4 Ke6 44. Rg8 Kf7 45. Rh8 Ke6 46. Kh2
Kd5 47. Rc8 Ba6 48. Rc1 Bd3 49. g4 f5 50. g5 Rb7 51. Kg3 b5 52. Rc5+ Ke6 53. a5
Bc4 54. Kf4 Bd5 55. a6 Rf7 56. Rxb5 Bc4 57. Re5+ Kd6 58. Rxf5 Rxf5+ 59. Kxf5
Bxa6 60. h4 Bc8+ 61. Kf6 a6 62. h5 Be6 63. g6 Bg8 64. Kg7 hxg6 65. h6 1-0

[Event "Copenhagen Chess Challenge 2019"]
[Site "Ballerup"]
[Date "2019.05.16"]
[Round "3"]
[White "Lilja, Richard"]
[Black "Brynell, Stellan"]
[Result "0-1"]
[WhiteElo "2103"]
[BlackElo "2406"]
[PlyCount "108"]
[EventDate "2019.05.15"]
[EventRounds "9"]

1. e4 e6 2. d3 d5 3. Nd2 Nf6 4. Ngf3 c5 5. g3 g6 6. Bg2 Bg7 7. exd5 Nxd5 8. O-O
Nc6 9. Nb3 b6 10. c4 Nde7 11. d4 Ba6 12. dxc5 Bxc4 13. Re1 O-O 14. Qxd8 Rfxd8
15. cxb6 axb6 16. Nfd2 Bd5 17. a3 Ne5 18. Bxd5 Nxd5 19. Rb1 Rac8 20. Kg2 Nd3
21. Rd1 Rc2 22. Na1 Rxc1 23. Rbxc1 Nxc1 24. Rxc1 Bxb2 25. Rb1 Bxa3 26. Nc4 Ra8
27. Nxb6 Nxb6 28. Rxb6 Bc5 29. Rc6 Bxf2 30. Nc2 Ba7 31. Ra6 Rc8 32. Nb4 Bd4 33.
Nc6 Bf6 34. g4 h5 35. h3 Kg7 36. Kg3 hxg4 37. hxg4 Rh8 38. Ra5 Rh1 39. Rc5 g5
40. Ra5 Rb1 41. Ra6 Rb3+ 42. Kg2 Rc3 43. Kh2 Rc5 44. Kg2 Be5 45. Kf3 Kf6 46.
Nd8 Rc3+ 47. Ke2 Rc8 48. Nc6 Bf4 49. Nb4 Rh8 50. Nd5+ Ke5 51. Nxf4 Kxf4 52.
Ra4+ Kg3 53. Ra7 Rh2+ 54. Ke3 Rf2 0-1

[Event "Copenhagen Chess Challenge 2019"]
[Site "Ballerup"]
[Date "2019.05.16"]
[Round "3"]
[White "Antonsen, Mikkel"]
[Black "Jaksland, Tim"]
[Result "1-0"]
[WhiteElo "2423"]
[BlackElo "2213"]
[PlyCount "93"]
[EventDate "2019.05.15"]
[EventRounds "9"]

1. d4 Nf6 2. c4 c5 3. d5 b5 4. cxb5 a6 5. bxa6 g6 6. Nc3 Bg7 7. e4 O-O 8. a7
Rxa7 9. Bc4 e6 10. Nge2 exd5 11. exd5 d6 12. O-O Ba6 13. Nb5 Bxb5 14. Bxb5 Na6
15. Nc3 Nc7 16. Bg5 h6 17. Bxf6 Bxf6 18. Bc6 Bxc3 19. bxc3 Ne8 20. Qd2 Kg7 21.
a4 Nf6 22. c4 Nd7 23. Bxd7 Qxd7 24. Qc3+ Kg8 25. a5 Rfa8 26. Rfb1 Qd8 27. Rb5
Qf8 28. Rb6 Qg7 29. Qxg7+ Kxg7 30. a6 Kf6 31. f4 Ke7 32. Kf2 Kd7 33. f5 gxf5
34. Kf3 Kc7 35. Rc6+ Kd7 36. Rb1 Rxa6 37. Rb7+ Ke8 38. Rcc7 Ra1 39. Kg3 f4+ 40.
Kg4 Rg1 41. Re7+ Kf8 42. Rxf7+ Kg8 43. Rg7+ Kh8 44. Rh7+ Kg8 45. Rbg7+ Kf8 46.
Kf5 f3 47. Kf6 1-0

[Event "Copenhagen Chess Challenge 2019"]
[Site "Ballerup"]
[Date "2019.05.16"]
[Round "3"]
[White "Haub, Thorsten Michael"]
[Black "Unneland, Mathias"]
[Result "1-0"]
[WhiteElo "2398"]
[BlackElo "2009"]
[PlyCount "63"]
[EventDate "2019.05.15"]
[EventRounds "9"]

1. g3 d5 2. Bg2 e5 3. c4 d4 4. b4 c6 5. Ba3 Be6 6. d3 Nf6 7. Nf3 Nbd7 8. O-O h6
9. Nbd2 a5 10. Qb3 axb4 11. Bxb4 c5 12. Ba3 b5 13. Bc1 b4 14. a3 bxa3 15. Bxa3
Bd6 16. Nxd4 Rxa3 17. Nxe6 Rxb3 18. Nxd8 Rb2 19. Nb7 Bb8 20. Rfd1 O-O 21. Rab1
Ra2 22. Rb5 Rc8 23. Bh3 Ba7 24. Kf1 Rc7 25. Nd6 Nb8 26. Bg2 Na6 27. N2e4 Nxe4
28. Nxe4 Nb4 29. Nc3 Rc2 30. Nd5 Nxd5 31. Bxd5 Kf8 32. Rdb1 1-0

[Event "Copenhagen Chess Challenge 2019"]
[Site "Ballerup"]
[Date "2019.05.16"]
[Round "3"]
[White "Hvalsoe, Rune"]
[Black "Hacker, Jonas"]
[Result "0-1"]
[WhiteElo "2004"]
[BlackElo "2386"]
[PlyCount "84"]
[EventDate "2019.05.15"]
[EventRounds "9"]

1. e4 e5 2. Bc4 Nf6 3. d4 exd4 4. Nf3 Nc6 5. e5 d5 6. Bd3 Ne4 7. O-O Bg4 8. Bf4
g5 9. Bg3 h5 10. h3 h4 11. hxg4 hxg3 12. fxg3 Bc5 13. Nbd2 Qe7 14. Qe1 Nxd2 15.
Qxd2 Rg8 16. a3 Bb6 17. Rfe1 Nd8 18. b4 Ne6 19. Kf1 c5 20. Bf5 cxb4 21. axb4
Rc8 22. Rab1 Rc4 23. Rb3 Qc7 24. Bd3 Rc3 25. Rxc3 dxc3 26. Bb5+ Ke7 27. Qxd5 a6
28. Ba4 Ba7 29. Qd6+ Qxd6 30. exd6+ Kxd6 31. Rd1+ Kc7 32. Rd7+ Kb8 33. Rxf7 Nd4
34. Rd7 Rf8 35. Re7 b5 36. Bb3 Nxb3 37. Ke1 Nd4 38. Ne5 Rd8 39. Kf1 Rf8+ 40.
Ke1 Nxc2+ 41. Kd1 Ne3+ 42. Ke2 Rc8 0-1

[Event "Copenhagen Chess Challenge 2019"]
[Site "Ballerup"]
[Date "2019.05.16"]
[Round "3"]
[White "Joensson, Jacob"]
[Black "Vasli, Aref"]
[Result "0-1"]
[WhiteElo "1970"]
[BlackElo "2346"]
[PlyCount "74"]
[EventDate "2019.05.15"]
[EventRounds "9"]

1. d4 Nf6 2. c4 e6 3. Nf3 c5 4. d5 exd5 5. cxd5 d6 6. Nc3 g6 7. Nd2 Bg7 8. e4
O-O 9. Be2 Re8 10. O-O Nbd7 11. a4 a6 12. Ra3 Rb8 13. a5 Ne5 14. Qc2 h6 15. Nd1
Qe7 16. Ne3 Nfg4 17. Bxg4 Nxg4 18. Nxg4 Bxg4 19. f3 Bd7 20. Nc4 Bb5 21. Bf4 Qf6
22. Be3 Bxc4 23. Qxc4 Qxb2 24. Qb3 b5 25. axb6 Rxb6 26. Qxb2 Bxb2 27. Ra2 Bg7
28. Bd2 Reb8 29. g3 Rb2 30. Rxb2 Rxb2 31. Bf4 Rb6 32. h4 Bd4+ 33. Kg2 a5 34.
Bxh6 a4 35. Bc1 Rb3 36. Re1 a3 37. Re2 Bb2 0-1

[Event "Copenhagen Chess Challenge 2019"]
[Site "Ballerup"]
[Date "2019.05.16"]
[Round "3"]
[White "Heimisson, Hilmir Freyr"]
[Black "Andersen, Kim Nyvang"]
[Result "1-0"]
[WhiteElo "2311"]
[BlackElo "2004"]
[PlyCount "77"]
[EventDate "2019.05.15"]
[EventRounds "9"]

1. Nf3 Nf6 2. b3 g6 3. Bb2 Bg7 4. d4 d6 5. Nbd2 Nbd7 6. e3 c6 7. c4 a5 8. a3 c5
9. Be2 O-O 10. O-O b6 11. Ra2 Bb7 12. d5 e5 13. dxe6 fxe6 14. Qa1 Qe7 15. Rd1
d5 16. Ne5 Nxe5 17. Bxe5 Nd7 18. Bxg7 Qxg7 19. Qxg7+ Kxg7 20. Bg4 Rfe8 21. cxd5
Bxd5 22. e4 Bc6 23. Nc4 h5 24. Rd6 hxg4 25. Rxc6 b5 26. Ne3 a4 27. bxa4 Rxa4
28. Rd2 Re7 29. Rc7 Rd4 30. Rxd4 cxd4 31. Nxg4 d3 32. Kf1 Rf7 33. Rc3 Nb6 34.
Rxd3 Nc4 35. Ne3 Ne5 36. Rb3 Rb7 37. Rc3 b4 38. Rb3 Nc6 39. Nc2 1-0

[Event "Copenhagen Chess Challenge 2019"]
[Site "Ballerup"]
[Date "2019.05.16"]
[Round "3"]
[White "Ramsdal, Jens Albert"]
[Black "Tandrup, Michael"]
[Result "1-0"]
[WhiteElo "2245"]
[BlackElo "1982"]
[PlyCount "93"]
[EventDate "2019.05.15"]
[EventRounds "9"]

1. e4 e6 2. d4 d5 3. Nd2 Nf6 4. e5 Nfd7 5. Bd3 c5 6. c3 Nc6 7. Ne2 cxd4 8. cxd4
f6 9. exf6 Nxf6 10. O-O Bd6 11. Nf3 Qc7 12. Bg5 O-O 13. Bh4 Nh5 14. Qc2 h6 15.
Bh7+ Kh8 16. Bg6 Nf4 17. Nxf4 Bxf4 18. Bg3 Bd7 19. Rfe1 Rac8 20. Qd3 Bxg3 21.
hxg3 Rf6 22. Bh5 Be8 23. Bg4 Bg6 24. Qd2 Re8 25. Rac1 Qd8 26. Rxc6 bxc6 27. Ne5
Ref8 28. Bd1 Qe8 29. f3 Qc8 30. Qb4 Qb8 31. Qc3 Be8 32. Bc2 Qc7 33. b4 Qd6 34.
g4 g5 35. Ba4 Kg7 36. Rc1 Rh8 37. Qd2 Rf4 38. Bxc6 a5 39. bxa5 Qa3 40. a6 Rxd4
41. Qxd4 Qxc1+ 42. Kh2 Qf4+ 43. Qxf4 gxf4 44. Bb7 Kf6 45. a7 Bb5 46. Nc6 Bxc6
47. Bxc6 1-0

[Event "Copenhagen Chess Challenge 2019"]
[Site "Ballerup"]
[Date "2019.05.16"]
[Round "3"]
[White "Bendixen, Daniel"]
[Black "Liu, Casper Yukun"]
[Result "0-1"]
[WhiteElo "1957"]
[BlackElo "2228"]
[PlyCount "66"]
[EventDate "2019.05.15"]
[EventRounds "9"]

1. e4 e5 2. Nf3 Nc6 3. Bc4 Bc5 4. c3 d6 5. d3 Nf6 6. Be3 Bb6 7. Bb3 O-O 8. Nbd2
Be6 9. O-O Bxe3 10. fxe3 d5 11. exd5 Nxd5 12. Bxd5 Qxd5 13. d4 e4 14. c4 Qh5
15. Ne1 Bg4 16. Qb3 f5 17. Qxb7 Qh6 18. Qb3 Nxd4 19. exd4 Qxd2 20. Qc3 Qxc3 21.
bxc3 Be2 22. Rf2 Bxc4 23. Rb2 Rab8 24. Rab1 Rb6 25. a3 f4 26. a4 Rfb8 27. Rxb6
Rxb6 28. Rb4 Rxb4 29. cxb4 g5 30. g3 f3 31. Kf2 Bb3 32. a5 g4 33. Ke3 Kf7 0-1

[Event "Copenhagen Chess Challenge 2019"]
[Site "Ballerup"]
[Date "2019.05.16"]
[Round "3"]
[White "Eriksson, Christian Altenburg"]
[Black "Sidali, Elias Hulleberg"]
[Result "1/2-1/2"]
[WhiteElo "2146"]
[BlackElo "1953"]
[PlyCount "77"]
[EventDate "2019.05.15"]
[EventRounds "9"]

1. e4 c5 2. c3 g6 3. d4 cxd4 4. cxd4 d5 5. e5 Nc6 6. Nf3 Bg4 7. Bb5 Nh6 8. Nbd2
Bg7 9. h3 Bxf3 10. Bxc6+ bxc6 11. Nxf3 Qa5+ 12. Bd2 Qa6 13. Bb4 O-O 14. Qe2
Qxe2+ 15. Kxe2 f6 16. e6 Rab8 17. Ba3 Nf5 18. Rac1 Rb6 19. Rc2 Bh6 20. Kd3 Bf4
21. Bc5 Ra6 22. b3 Bd6 23. g4 Bxc5 24. gxf5 Ba3 25. Rg1 Kg7 26. h4 Kh6 27. h5
g5 28. Nh2 Kg7 29. Ng4 h6 30. f4 Rc8 31. fxg5 hxg5 32. Ne3 Rh8 33. Rh1 Bd6 34.
Ng4 Rb8 35. Rhc1 Bf4 36. Re1 Bd6 37. Rec1 Bf4 38. Re1 Bd6 39. Rec1 1/2-1/2

[Event "Copenhagen Chess Challenge 2019"]
[Site "Ballerup"]
[Date "2019.05.17"]
[Round "4"]
[White "Nielsen, Thomas"]
[Black "Svendsen, Mads O"]
[Result "0-1"]
[WhiteElo "1933"]
[BlackElo "2062"]
[PlyCount "80"]
[EventDate "2019.05.15"]
[EventRounds "9"]

1. d4 Nf6 2. c4 g6 3. Nc3 d5 4. cxd5 Nxd5 5. e4 Nxc3 6. bxc3 Bg7 7. Bc4 c5 8.
Ne2 Nc6 9. Be3 O-O 10. O-O b6 11. Qd2 Na5 12. Bd3 e5 13. Bh6 exd4 14. cxd4 cxd4
15. Bxg7 Kxg7 16. f4 Nc6 17. f5 Ne5 18. f6+ Kh8 19. h3 Bb7 20. Rf4 Re8 21. Raf1
Re6 22. Bb5 d3 23. Ng3 a6 24. Ba4 Qd4+ 25. Kh2 Qxa4 26. Rh4 Qe8 27. Qh6 Qg8 28.
Nf5 gxf5 29. Rxf5 Ng6 30. Rg4 Rxe4 31. Rg3 Rd8 32. Qd2 Re2 33. Qc3 d2 34. h4
d1=Q 35. h5 Rxg2+ 36. Rxg2 Bxg2 37. hxg6 Qh1+ 38. Kg3 Qxg6+ 39. Kf2 Qxf5+ 40.
Ke3 Qf3# 0-1

[Event "Copenhagen Chess Challenge 2019"]
[Site "Ballerup"]
[Date "2019.05.17"]
[Round "4"]
[White "Slettebo, Jan"]
[Black "Sorensen, Per Settergren"]
[Result "0-1"]
[WhiteElo "1920"]
[BlackElo "2030"]
[PlyCount "50"]
[EventDate "2019.05.15"]
[EventRounds "9"]

1. e4 e5 2. Nf3 Nc6 3. d4 exd4 4. Bc4 Bc5 5. O-O d6 6. c3 Bg4 7. Qb3 Bxf3 8.
Bxf7+ Kf8 9. gxf3 Nf6 10. Bd5 Nxd5 11. Qxd5 Qf6 12. f4 Re8 13. e5 Qe6 14. Qxe6
Rxe6 15. b4 Bb6 16. b5 Ne7 17. exd6 cxd6 18. Bd2 Nf5 19. a4 Kf7 20. cxd4 Nxd4
21. Ra3 Rhe8 22. Rd3 Re2 23. Be3 Nf3+ 24. Kh1 R8xe3 25. Rxe3 Bxe3 0-1

[Event "Copenhagen Chess Challenge 2019"]
[Site "Ballerup"]
[Date "2019.05.17"]
[Round "4"]
[White "Egli, Urs"]
[Black "Saltvedt, Martin"]
[Result "0-1"]
[WhiteElo "1906"]
[BlackElo "2018"]
[PlyCount "64"]
[EventDate "2019.05.15"]
[EventRounds "9"]

1. f4 c5 2. g3 Nc6 3. Bg2 Nf6 4. Nf3 e6 5. O-O d5 6. d3 Be7 7. Nc3 O-O 8. e4
Rb8 9. Ne5 Nd4 10. g4 b5 11. g5 Ne8 12. exd5 b4 13. Ne2 Nxe2+ 14. Qxe2 Qc7 15.
dxe6 fxe6 16. Nc6 Rb6 17. Nxe7+ Qxe7 18. Be3 Nc7 19. Qf2 Rb5 20. c4 bxc3 21.
bxc3 Nd5 22. c4 Nxe3 23. Qxe3 Rb2 24. Qe5 Rc2 25. Rfc1 Rd2 26. Qe3 Rb2 27. Rcb1
Rc2 28. Rb5 Qd6 29. Rxc5 Bd7 30. d4 Rxf4 31. Bh3 Rxd4 32. Bxe6+ Bxe6 0-1